Stamp duty land tax (Record no. 105099)

MARC details
000 -LEADER
fixed length control field 00976cam a2200229 4500
001 - CONTROL NUMBER
control field ##L132332
008 - FIXED-LENGTH DATA ELEMENTS--GENERAL INFORMATION
fixed length control field 060127n2005 000 0 eng u
020 ## - INTERNATIONAL STANDARD BOOK NUMBER
International Standard Book Number 1845921224
035 ## - SYSTEM CONTROL NUMBER
System control number (Sirsi) u132332
041 0# - LANGUAGE CODE
Language code of text/sound track or separate title eng
050 04 - LIBRARY OF CONGRESS CALL NUMBER
Classification number 336.22 $2 2
100 1# - MAIN ENTRY--PERSONAL NAME
Personal name Hutton, Matthew
245 00 - TITLE STATEMENT
Title Stamp duty land tax
250 ## - EDITION STATEMENT
Edition statement 2nd ed.
260 ## - PUBLICATION, DISTRIBUTION, ETC.
Place of publication, distribution, etc. Haywards Heath
Name of publisher, distributor, etc. Tottel
Date of publication, distribution, etc. 2005
300 ## - PHYSICAL DESCRIPTION
Extent xxxiii, 378p.
Dimensions 23cm.
350 ## - PRICE (NR) (BK AM CF MU VM SE) [OBSOLETE]
Price 65
520 ## - SUMMARY, ETC.
Summary, etc. The introduction of Stamp Duty Land Tax has been met with some concern. Critics have argued that often transactions are counter-intuitive and continues to be a source of disagreement between HMRC Stamp Taxes and professional bodies. This book aims to provide a straightforward guide to the principles of the tax, with reference to examples, and to highlight particular planning opportunities and traps that can occur in everyday situations.
590 ## - LOCAL NOTE (RLIN)
Local note IKA310106
690 ## - LOCAL SUBJECT ADDED ENTRY--TOPICAL TERM (OCLC, RLIN)
Topical term or geographic name as entry element PROPERTY-PROPERTY TAXATION
942 ## - ADDED ENTRY ELEMENTS (KOHA)
Suppress in OPAC 0
Holdings
Withdrawn status Lost status Source of classification or shelving scheme Damaged status Not for loan Home library Current library Shelving location Date acquired Total Checkouts Full call number Barcode Date last seen Date last checked out Copy number Price effective from Koha item type
    Dewey Decimal Classification     London London Books 01/02/2006 7 336.22 HUT 30072422 06/08/2019 11/10/2007 1 06/08/2019 Book